Países de Europa donde más tarde se va la gente de casa - Estadísticas

Estadísticas generales
  • Esta prueba ha sido intentada 80 veces
  • La puntuación promedio es 8 de 10
Estadísticas de respuestas
Edad media de emancipación País % Correcto
29,85 España
100%
29,95 Italia
93%
33,55 Portugal
93%
30,70 Grecia
88%
33,35 Croacia
73%
28,95 Polonia
73%
30,25 Bulgaria
69%
29,50 Eslovenia
66%
30,85 Eslovaquia
64%
29,75 Malta
62%
No se encontraron pruebas coincidentes
Distribución de puntuación
Porcentaje de gente con cada puntuación
Porcentaje por número respondido
Historial de tus puntuaciones
No has intentado esta prueba.